THE BURNING MAN (Record no. 2430)
[ view plain ]
| 000 -LEADER | |
|---|---|
| fixed length control field | 00554nam a22001457a 4500 |
| 020 ## - INTERNATIONAL STANDARD BOOK NUMBER | |
| ISBN | 0-385-48053-9 |
| 082 ## - DEWEY DECIMAL CLASSIFICATION NUMBER | |
| Classification number | 823 |
| Item number | MAR/B |
| 100 ## - MAIN ENTRY--AUTHOR NAME | |
| Personal name | MARGOLIN, PHILLIP |
| 245 ## - TITLE STATEMENT | |
| Title | THE BURNING MAN |
| 260 ## - PUBLICATION, DISTRIBUTION, ETC. (IMPRINT) | |
| Place of publication | NEW YORK |
| Name of publisher | DOUBLE DAY |
| Year of publication | 1996 |
| 300 ## - PHYSICAL DESCRIPTION | |
| Number of Pages | 344 |
| 520 ## - SUMMARY, ETC. | |
| Summary, etc | In his zeal to prove himself, Peter neglects his client and ends up losing everything—the case, his job, and his father. Unemployed and disinherited, Peter takes the only job he is offered—that of a public defender in a small Oregon town. |
| 650 ## - SUBJECT ADDED ENTRY--TOPICAL TERM | |
| Topical Term | NOVEL |
| Geographic subdivision | UNITED STATES |
| 942 ## - ADDED ENTRY ELEMENTS (KOHA) | |
| Koha item type | Books |
| Withdrawn status | Lost status | Collection code | Home library | Current library | Shelving location | Date acquired | Source of acquisition | Full call number | Accession Number | Koha item type |
|---|---|---|---|---|---|---|---|---|---|---|
| Reference | Main Library | Main Library | SHELF 1-J-ENGLISH NOVELS FOR TEACHERS | 17/06/2010 | purchase | 823 MAR/B | 05407 | Books |